zpět

Detail výsledku týmu

Kentaur ÚT, Brno

Datum a čas kvízu

26.5 Celkem bodů Celkový počet nahraných bodů na tomto kvízu bez doplňovacích otázek.
5. Pořadí na kvízu Konečné umístění týmu na tomto kvízu.

Zaznamenané odpovědi

# Otázka Odpověď Body Výsledky
1. Pokud by mělo platit staré ant... Zlý 0
2. Na švýcarských mincích se popr... Roger Federer 0
3. Pořadatelé multikulturního fes... Twenty One Pilots 0
4. V pondělí začala v jedné evrop... Madrid 0
5. Ester Ledecká opět překvapila... Lake Louise 0
6. Toto téma zvítězilo minulý týd... Moa 0
7. Jakým způsobem souvisí s naším... Na tomto fiktivním ostrově se odehrával děj filmu Jurský park. 1
8. Latimérie, okapi, loděnka, lis... živoucí fosílie 1
9. Mnohým z vás jistě při přečten... Mauricius 0
10. Mezinárodní svaz ochrany příro... Červený (seznam) 1